[Event "45th FIDE Chess Olympiad Open"]
[Site "Budapest, Hungary"]
[Date "2024.09.20"]
[Round "9"]
[White "Sargissian, Gabriel"]
[Black "Bluebaum, Matthias"]
[Result "1-0"]
[Board "19"]
[WhiteFideId "13300881"]
[BlackFideId "24651516"]
[WhiteTitle "GM"]
[BlackTitle "GM"]
[WhiteElo "2646"]
[BlackElo "2640"]
[WhiteTeam "Armenia"]
[BlackTeam "Germany"]
[WhiteClock "0:16:34"]
[BlackClock "0:01:38"]
[Variant "Standard"]

1. Nf3 {[%clk 1:30:29]}  d5 {[%clk 1:30:51]} 2. g3 {[%clk 1:30:37]}  Nf6 {[%clk 1:30:53]} 3. Bg2 {[%clk 1:30:04]}  c5 {[%clk 1:31:12]} 4. O-O {[%clk 1:29:36]}  e6 {[%clk 1:31:19]} 5. c4 {[%clk 1:29:24]}  d4 {[%clk 1:31:42]} 6. e3 {[%clk 1:27:19]}  Nc6 {[%clk 1:31:53]} 7. exd4 {[%clk 1:27:23]}  cxd4 {[%clk 1:32:13]} 8. d3 {[%clk 1:27:47]}  h6 {[%clk 1:31:49]} 9. Bf4 {[%clk 1:27:53]}  Bd6 {[%clk 1:25:58]} 10. Bxd6 {[%clk 1:27:33]}  Qxd6 {[%clk 1:26:12]} 11. Nbd2 {[%clk 1:26:07]}  O-O {[%clk 1:26:19]} 12. a3 {[%clk 1:22:41]}  a5 {[%clk 1:25:27]} 13. Re1 {[%clk 1:21:54]}  e5 {[%clk 1:21:19]} 14. Rc1 {[%clk 1:12:39]}  Be6 {[%clk 1:14:05]} 15. c5 {[%clk 1:05:13]}  Qc7 {[%clk 1:14:11]} 16. Nc4 {[%clk 1:01:03]}  Nd7 {[%clk 1:14:09]} 17. Qe2 {[%clk 0:54:20]}  Rfe8 {[%clk 1:09:44]} 18. Nd6 {[%clk 0:54:00]}  Rf8 {[%clk 1:09:13]} 19. Nh4 {[%clk 0:53:12]}  a4 {[%clk 1:04:52]} 20. Nhf5 {[%clk 0:49:21]}  Kh7 {[%clk 0:48:40]} 21. Qh5 {[%clk 0:44:40]}  Nf6 {[%clk 0:43:58]} 22. Qh4 {[%clk 0:42:33]}  Bxf5 {[%clk 0:41:58]} 23. Nxf5 {[%clk 0:42:11]}  Rh8 {[%clk 0:18:03]} 24. f4 {[%clk 0:30:57]}  exf4 {[%clk 0:16:11]} 25. gxf4 {[%clk 0:29:21]}  Qd8 {[%clk 0:14:28]} 26. Nd6 {[%clk 0:26:31]}  Qc7 {[%clk 0:14:41]} 27. Ne4 {[%clk 0:21:55]}  Nxe4 {[%clk 0:11:28]} 28. Bxe4+ {[%clk 0:22:15]}  g6 {[%clk 0:11:31]} 29. Qf6 {[%clk 0:22:32]}  Rhf8 {[%clk 0:10:47]} 30. f5 {[%clk 0:19:56]}  g5 {[%clk 0:10:58]} 31. Qd6 {[%clk 0:19:25]}  Qxd6 {[%clk 0:09:05]} 32. f6+ {[%clk 0:18:45]}  Kg8 {[%clk 0:09:29]} 33. cxd6 {[%clk 0:19:09]}  Nd8 {[%clk 0:00:50]} 34. d7 {[%clk 0:17:48]}  Ra6 {[%clk 0:01:06]} 35. Bf5 {[%clk 0:16:37]}  Ne6 {[%clk 0:00:32]} 36. Rc8 {[%clk 0:15:39]}  Rd6 {[%clk 0:00:36]} 37. Rxe6 {[%clk 0:15:34]}  fxe6 {[%clk 0:00:46]} 38. Bxe6+ {[%clk 0:15:57]}  Rxe6 {[%clk 0:01:11]} 39. Rxf8+ {[%clk 0:16:13]}  Kxf8 {[%clk 0:01:38]} 40. d8=Q+ {[%clk 0:16:34]} 1-0

[Event "45th FIDE Chess Olympiad Open"]
[Site "Budapest, Hungary"]
[Date "2024.09.20"]
[Round "9"]
[White "Donchenko, Alexander"]
[Black "Grigoryan, Karen H."]
[Result "1/2-1/2"]
[Board "20"]
[WhiteFideId "24603295"]
[BlackFideId "13301004"]
[WhiteTitle "GM"]
[BlackTitle "GM"]
[WhiteElo "2638"]
[BlackElo "2569"]
[WhiteTeam "Germany"]
[BlackTeam "Armenia"]
[WhiteClock "0:14:31"]
[BlackClock "0:06:49"]
[Variant "Standard"]

1. d4 {[%clk 1:30:58]}  Nf6 {[%clk 1:30:24]} 2. c4 {[%clk 1:31:22]}  e6 {[%clk 1:30:46]} 3. Nf3 {[%clk 1:31:46]}  d5 {[%clk 1:30:57]} 4. g3 {[%clk 1:32:09]}  Be7 {[%clk 1:31:21]} 5. Bg2 {[%clk 1:32:24]}  O-O {[%clk 1:31:42]} 6. O-O {[%clk 1:32:44]}  dxc4 {[%clk 1:31:57]} 7. Na3 {[%clk 1:32:29]}  Bxa3 {[%clk 1:31:20]} 8. bxa3 {[%clk 1:32:53]}  Bd7 {[%clk 1:25:48]} 9. Ne5 {[%clk 1:32:20]}  Bc6 {[%clk 1:25:58]} 10. Nxc6 {[%clk 1:32:28]}  Nxc6 {[%clk 1:26:20]} 11. Bb2 {[%clk 1:32:19]}  Nd5 {[%clk 1:17:43]} 12. Rc1 {[%clk 1:31:00]}  Nb6 {[%clk 1:16:00]} 13. e3 {[%clk 1:30:26]}  Qd7 {[%clk 1:15:24]} 14. Qc2 {[%clk 1:22:29]}  Rab8 {[%clk 1:12:19]} 15. Rfd1 {[%clk 1:15:03]}  Ne7 {[%clk 1:10:30]} 16. Bf1 {[%clk 1:05:36]}  f5 {[%clk 1:06:57]} 17. Bc3 {[%clk 0:56:42]}  Ned5 {[%clk 1:05:12]} 18. Bb4 {[%clk 0:53:50]}  Rf7 {[%clk 1:03:06]} 19. Bc5 {[%clk 0:51:14]}  c3 {[%clk 1:00:04]} 20. Qb3 {[%clk 0:48:02]}  Qa4 {[%clk 0:39:16]} 21. Bg2 {[%clk 0:39:05]}  Qxb3 {[%clk 0:32:12]} 22. axb3 {[%clk 0:39:29]}  Rc8 {[%clk 0:30:27]} 23. Rd3 {[%clk 0:33:02]}  c6 {[%clk 0:27:12]} 24. f3 {[%clk 0:30:04]}  Rd8 {[%clk 0:20:10]} 25. e4 {[%clk 0:17:24]}  Nc7 {[%clk 0:19:45]} 26. a4 {[%clk 0:17:13]}  Na6 {[%clk 0:14:57]} 27. Rcxc3 {[%clk 0:15:02]}  fxe4 {[%clk 0:10:01]} 28. fxe4 {[%clk 0:15:13]}  Nxc5 {[%clk 0:10:23]} 29. dxc5 {[%clk 0:07:31]}  Rxd3 {[%clk 0:07:53]} 30. Rxd3 {[%clk 0:07:59]}  Rd7 {[%clk 0:07:59]} 31. Rc3 {[%clk 0:05:19]}  Rd1+ {[%clk 0:08:20]} 32. Bf1 {[%clk 0:05:15]}  Nd7 {[%clk 0:08:36]} 33. b4 {[%clk 0:05:40]}  Ne5 {[%clk 0:07:42]} 34. b5 {[%clk 0:05:23]}  Ra1 {[%clk 0:04:44]} 35. Rb3 {[%clk 0:04:44]}  Rxa4 {[%clk 0:04:58]} 36. bxc6 {[%clk 0:05:09]}  bxc6 {[%clk 0:05:25]} 37. Rb7 {[%clk 0:05:22]}  Ra2 {[%clk 0:05:09]} 38. Bg2 {[%clk 0:04:11]}  Ra1+ {[%clk 0:02:07]} 39. Kf2 {[%clk 0:04:14]}  Nd3+ {[%clk 0:01:37]} 40. Ke3 {[%clk 0:04:15]}  Nxc5 {[%clk 0:02:02]} 41. Rc7 {[%clk 0:03:49]}  e5 {[%clk 0:01:10]} 42. Rxc6 {[%clk 0:30:24]}  Ra3+ {[%clk 0:31:08]} 43. Kf2 {[%clk 0:28:07]}  Nd3+ {[%clk 0:27:52]} 44. Ke2 {[%clk 0:27:06]}  Nb4 {[%clk 0:26:24]} 45. Rc7 {[%clk 0:23:39]}  Ra2+ {[%clk 0:25:44]} 46. Kf3 {[%clk 0:22:04]}  a5 {[%clk 0:08:27]} 47. Bh3 {[%clk 0:19:37]}  Rxh2 {[%clk 0:08:42]} 48. Be6+ {[%clk 0:19:39]}  Kf8 {[%clk 0:09:08]} 49. Rf7+ {[%clk 0:19:33]}  Ke8 {[%clk 0:09:34]} 50. Rxg7 {[%clk 0:19:57]}  Nc2 {[%clk 0:09:14]} 51. Kg4 {[%clk 0:15:07]}  Rh6 {[%clk 0:06:47]} 52. Bd5 {[%clk 0:13:06]}  Rg6+ {[%clk 0:06:40]} 53. Rxg6 {[%clk 0:13:28]}  hxg6 {[%clk 0:07:06]} 54. Kg5 {[%clk 0:13:47]}  Ke7 {[%clk 0:06:17]} 55. Kxg6 {[%clk 0:13:48]}  a4 {[%clk 0:06:35]} 56. g4 {[%clk 0:13:23]}  Ne3 {[%clk 0:06:55]} 57. Ba2 {[%clk 0:13:42]}  Nxg4 {[%clk 0:06:26]} 58. Kf5 {[%clk 0:14:07]}  Nf2 {[%clk 0:06:49]} 59. Kxe5 {[%clk 0:14:31]} 1/2-1/2

[Event "45th FIDE Chess Olympiad Open"]
[Site "Budapest, Hungary"]
[Date "2024.09.20"]
[Round "9"]
[White "Vitiugov, Nikita"]
[Black "Le, Quang Liem"]
[Result "1/2-1/2"]
[Board "21"]
[WhiteFideId "4152956"]
[BlackFideId "12401137"]
[WhiteTitle "GM"]
[BlackTitle "GM"]
[WhiteElo "2676"]
[BlackElo "2741"]
[WhiteTeam "England"]
[BlackTeam "Vietnam"]
[WhiteClock "0:22:55"]
[BlackClock "0:28:23"]
[Variant "Standard"]

1. d4 {[%clk 1:30:39]}  Nf6 {[%clk 1:30:50]} 2. c4 {[%clk 1:31:03]}  e6 {[%clk 1:31:13]} 3. Nf3 {[%clk 1:31:16]}  d5 {[%clk 1:31:30]} 4. Nc3 {[%clk 1:31:29]}  Nbd7 {[%clk 1:31:49]} 5. Bf4 {[%clk 1:31:04]}  dxc4 {[%clk 1:31:46]} 6. e3 {[%clk 1:31:16]}  Nb6 {[%clk 1:32:03]} 7. Bxc4 {[%clk 1:31:06]}  Bd6 {[%clk 1:32:24]} 8. Bxd6 {[%clk 1:30:04]}  cxd6 {[%clk 1:32:45]} 9. Bd3 {[%clk 1:26:53]}  Nbd5 {[%clk 1:28:05]} 10. Nxd5 {[%clk 1:26:18]}  Nxd5 {[%clk 1:28:27]} 11. O-O {[%clk 1:25:01]}  Bd7 {[%clk 1:28:23]} 12. Qd2 {[%clk 1:20:59]}  O-O {[%clk 1:23:18]} 13. Rfe1 {[%clk 1:19:15]}  Rc8 {[%clk 1:21:10]} 14. Rac1 {[%clk 1:14:20]}  Qb6 {[%clk 1:20:24]} 15. a3 {[%clk 1:12:37]}  h6 {[%clk 1:16:44]} 16. h3 {[%clk 1:12:55]}  Rxc1 {[%clk 1:14:08]} 17. Rxc1 {[%clk 0:00:00]}  Bc6 {[%clk 1:14:21]} 18. e4 {[%clk 1:02:59]}  Nf6 {[%clk 1:14:22]} 19. Qe2 {[%clk 1:03:13]}  Re8 {[%clk 1:10:49]} 20. b4 {[%clk 1:01:30]}  e5 {[%clk 1:06:11]} 21. dxe5 {[%clk 0:57:11]}  dxe5 {[%clk 1:05:36]} 22. Rc5 {[%clk 0:56:52]}  Nd7 {[%clk 1:05:08]} 23. Rc3 {[%clk 0:54:09]}  a6 {[%clk 1:02:40]} 24. Qc2 {[%clk 0:49:13]}  a5 {[%clk 0:50:01]} 25. Qb3 {[%clk 0:42:20]}  axb4 {[%clk 0:48:50]} 26. axb4 {[%clk 0:41:00]}  Nf6 {[%clk 0:46:24]} 27. Rc5 {[%clk 0:33:08]}  Nxe4 {[%clk 0:43:21]} 28. Bxe4 {[%clk 0:33:02]}  Bxe4 {[%clk 0:43:43]} 29. Rxe5 {[%clk 0:26:08]}  Rxe5 {[%clk 0:36:13]} 30. Nxe5 {[%clk 0:26:28]}  Qc7 {[%clk 0:36:32]} 31. Qb2 {[%clk 0:25:40]}  f6 {[%clk 0:28:05]} 32. Ng4 {[%clk 0:25:22]}  Qc4 {[%clk 0:27:37]} 33. Qd2 {[%clk 0:24:08]}  h5 {[%clk 0:22:44]} 34. Ne3 {[%clk 0:23:57]}  Qd3 {[%clk 0:23:03]} 35. Qxd3 {[%clk 0:16:46]}  Bxd3 {[%clk 0:22:43]} 36. h4 {[%clk 0:16:45]}  Kf7 {[%clk 0:22:25]} 37. f4 {[%clk 0:17:00]}  g5 {[%clk 0:12:47]} 38. g3 {[%clk 0:13:49]}  gxf4 {[%clk 0:12:03]} 39. gxf4 {[%clk 0:14:11]}  Ke6 {[%clk 0:12:24]} 40. Kf2 {[%clk 0:14:38]}  Kd6 {[%clk 0:12:23]} 41. Ke1 {[%clk 0:15:00]}  Kc6 {[%clk 0:10:48]} 42. Kd2 {[%clk 0:15:18]}  Bg6 {[%clk 0:10:47]} 43. Kc3 {[%clk 0:14:50]}  Bf7 {[%clk 0:11:02]} 44. f5 {[%clk 0:00:50]}  Be8 {[%clk 0:06:52]} 45. Kc4 {[%clk 0:28:44]}  Kd6 {[%clk 0:34:23]} 46. Kd4 {[%clk 0:28:58]}  Bd7 {[%clk 0:34:40]} 47. Ke4 {[%clk 0:23:21]}  Kc6 {[%clk 0:26:56]} 48. Nd5 {[%clk 0:18:12]}  Bxf5+ {[%clk 0:25:25]} 49. Kxf5 {[%clk 0:18:26]}  Kxd5 {[%clk 0:25:49]} 50. Kxf6 {[%clk 0:18:52]}  Kc4 {[%clk 0:25:40]} 51. Kg6 {[%clk 0:19:18]}  Kxb4 {[%clk 0:26:02]} 52. Kxh5 {[%clk 0:19:45]}  b5 {[%clk 0:26:20]} 53. Kg5 {[%clk 0:20:08]}  Kc4 {[%clk 0:26:20]} 54. h5 {[%clk 0:20:34]}  b4 {[%clk 0:26:43]} 55. h6 {[%clk 0:20:45]}  b3 {[%clk 0:27:06]} 56. h7 {[%clk 0:21:09]}  b2 {[%clk 0:27:31]} 57. h8=Q {[%clk 0:21:35]}  b1=Q {[%clk 0:27:53]} 58. Qc8+ {[%clk 0:22:01]}  Kb3 {[%clk 0:28:09]} 59. Qb7+ {[%clk 0:22:28]}  Kc2 {[%clk 0:28:30]} 60. Qxb1+ {[%clk 0:22:55]}  Kxb1 {[%clk 0:28:23]} 1/2-1/2

[Event "45th FIDE Chess Olympiad Open"]
[Site "Budapest, Hungary"]
[Date "2024.09.20"]
[Round "9"]
[White "Nguyen, Ngoc Truong Son"]
[Black "Adams, Michael"]
[Result "1/2-1/2"]
[Board "22"]
[WhiteFideId "12401110"]
[BlackFideId "400041"]
[WhiteTitle "GM"]
[BlackTitle "GM"]
[WhiteElo "2633"]
[BlackElo "2661"]
[WhiteTeam "Vietnam"]
[BlackTeam "England"]
[WhiteClock "0:28:35"]
[BlackClock "0:43:29"]
[Variant "Standard"]

1. d4 {[%clk 1:30:49]}  Nf6 {[%clk 1:30:52]} 2. Nf3 {[%clk 1:31:03]}  d5 {[%clk 1:30:59]} 3. c4 {[%clk 1:31:17]}  e6 {[%clk 1:31:23]} 4. Nc3 {[%clk 1:31:30]}  Be7 {[%clk 1:31:45]} 5. cxd5 {[%clk 1:31:23]}  exd5 {[%clk 1:32:07]} 6. Bf4 {[%clk 1:31:31]}  Nh5 {[%clk 1:30:40]} 7. Be5 {[%clk 1:29:03]}  Nc6 {[%clk 1:30:16]} 8. Bg3 {[%clk 1:19:23]}  Be6 {[%clk 1:24:50]} 9. e3 {[%clk 1:16:10]}  O-O {[%clk 1:24:56]} 10. Bd3 {[%clk 1:08:49]}  g6 {[%clk 1:15:52]} 11. O-O {[%clk 1:06:06]}  Nxg3 {[%clk 1:07:53]} 12. hxg3 {[%clk 1:06:29]}  Nb4 {[%clk 1:05:11]} 13. Be2 {[%clk 1:05:48]}  c5 {[%clk 1:05:33]} 14. dxc5 {[%clk 1:04:43]}  Bxc5 {[%clk 1:05:58]} 15. Rc1 {[%clk 1:04:52]}  Bb6 {[%clk 1:06:02]} 16. Qb3 {[%clk 0:48:45]}  Qe7 {[%clk 0:58:22]} 17. Nd4 {[%clk 0:43:30]}  Bxd4 {[%clk 0:53:18]} 18. exd4 {[%clk 0:43:54]}  Nc6 {[%clk 0:52:17]} 19. Rfd1 {[%clk 0:43:27]}  Qf6 {[%clk 0:48:35]} 20. Nxd5 {[%clk 0:32:20]}  Bxd5 {[%clk 0:48:08]} 21. Qxd5 {[%clk 0:32:45]}  Rad8 {[%clk 0:44:10]} 22. Qf3 {[%clk 0:29:34]}  Qxf3 {[%clk 0:44:32]} 23. Bxf3 {[%clk 0:29:12]}  Nxd4 {[%clk 0:44:51]} 24. Kf1 {[%clk 0:26:47]}  Nxf3 {[%clk 0:44:06]} 25. gxf3 {[%clk 0:27:12]}  b6 {[%clk 0:44:13]} 26. b4 {[%clk 0:26:47]}  Rxd1+ {[%clk 0:43:22]} 27. Rxd1 {[%clk 0:27:13]}  Rc8 {[%clk 0:43:11]} 28. Rd7 {[%clk 0:27:33]}  Rc4 {[%clk 0:42:13]} 29. Rxa7 {[%clk 0:27:50]}  Rxb4 {[%clk 0:42:40]} 30. a4 {[%clk 0:28:14]}  h5 {[%clk 0:43:04]} 31. a5 {[%clk 0:28:35]}  bxa5 {[%clk 0:43:29]} 1/2-1/2

[Event "45th FIDE Chess Olympiad Open"]
[Site "Budapest, Hungary"]
[Date "2024.09.20"]
[Round "9"]
[White "McShane, Luke J"]
[Black "Le, Tuan Minh"]
[Result "0-1"]
[Board "23"]
[WhiteFideId "404853"]
[BlackFideId "12401153"]
[WhiteTitle "GM"]
[BlackTitle "GM"]
[WhiteElo "2611"]
[BlackElo "2564"]
[WhiteTeam "England"]
[BlackTeam "Vietnam"]
[WhiteClock "0:00:56"]
[BlackClock "0:14:50"]
[Variant "Standard"]

1. e4 {[%clk 1:30:44]}  e5 {[%clk 1:30:41]} 2. Nf3 {[%clk 1:31:04]}  Nc6 {[%clk 1:31:06]} 3. Bb5 {[%clk 1:31:27]}  Bc5 {[%clk 1:31:32]} 4. O-O {[%clk 1:26:32]}  Nd4 {[%clk 1:31:57]} 5. Nxd4 {[%clk 1:26:16]}  Bxd4 {[%clk 1:32:20]} 6. c3 {[%clk 1:26:23]}  Bb6 {[%clk 1:32:42]} 7. d4 {[%clk 1:26:47]}  c6 {[%clk 1:33:09]} 8. Ba4 {[%clk 1:26:07]}  d6 {[%clk 1:33:36]} 9. Na3 {[%clk 1:24:31]}  exd4 {[%clk 1:33:46]} 10. cxd4 {[%clk 1:24:35]}  Ne7 {[%clk 1:34:14]} 11. Nc4 {[%clk 1:06:01]}  Bc7 {[%clk 1:32:02]} 12. Bb3 {[%clk 1:05:12]}  d5 {[%clk 1:08:23]} 13. exd5 {[%clk 1:05:25]}  Nxd5 {[%clk 1:07:49]} 14. Ne3 {[%clk 1:02:54]}  Nf4 {[%clk 1:03:58]} 15. d5 {[%clk 0:51:37]}  O-O {[%clk 0:50:48]} 16. g3 {[%clk 0:33:28]}  Nh3+ {[%clk 0:45:14]} 17. Kh1 {[%clk 0:33:30]}  Qf6 {[%clk 0:39:20]} 18. f4 {[%clk 0:31:30]}  Re8 {[%clk 0:35:38]} 19. Qf3 {[%clk 0:21:01]}  Bb6 {[%clk 0:34:15]} 20. f5 {[%clk 0:03:15]}  Ng5 {[%clk 0:23:19]} 21. Ng4 {[%clk 0:00:40]}  Nxf3 {[%clk 0:20:02]} 22. Nxf6+ {[%clk 0:01:06]}  gxf6 {[%clk 0:20:27]} 23. Rxf3 {[%clk 0:01:34]}  Re1+ {[%clk 0:20:50]} 24. Kg2 {[%clk 0:02:02]}  Rg1+ {[%clk 0:19:32]} 25. Kh3 {[%clk 0:02:29]}  Bd7 {[%clk 0:19:53]} 26. Bc4 {[%clk 0:01:08]}  Re8 {[%clk 0:14:40]} 27. g4 {[%clk 0:00:53]}  Ree1 {[%clk 0:14:26]} 28. Rc3 {[%clk 0:01:19]}  h5 {[%clk 0:14:43]} 29. Bd3 {[%clk 0:01:07]}  Be3 {[%clk 0:14:30]} 30. gxh5 {[%clk 0:00:56]}  Bxc1 {[%clk 0:14:50]} 0-1

[Event "45th FIDE Chess Olympiad Open"]
[Site "Budapest, Hungary"]
[Date "2024.09.20"]
[Round "9"]
[White "Tran, Tuan Minh"]
[Black "Jones, Gawain C B"]
[Result "0-1"]
[Board "24"]
[WhiteFideId "12401820"]
[BlackFideId "409561"]
[WhiteTitle "GM"]
[BlackTitle "GM"]
[WhiteElo "2434"]
[BlackElo "2646"]
[WhiteTeam "Vietnam"]
[BlackTeam "England"]
[WhiteClock "0:00:57"]
[BlackClock "0:04:41"]
[Variant "Standard"]

1. d4 {[%clk 1:30:36]}  Nf6 {[%clk 1:30:53]} 2. c4 {[%clk 1:30:54]}  g6 {[%clk 1:31:18]} 3. Nc3 {[%clk 1:30:58]}  Bg7 {[%clk 1:31:43]} 4. e4 {[%clk 1:30:58]}  d6 {[%clk 1:32:07]} 5. Nf3 {[%clk 1:30:56]}  O-O {[%clk 1:32:24]} 6. Be2 {[%clk 1:31:19]}  e5 {[%clk 1:32:41]} 7. Be3 {[%clk 1:30:49]}  h6 {[%clk 1:25:14]} 8. d5 {[%clk 1:24:44]}  Ng4 {[%clk 1:23:41]} 9. Bd2 {[%clk 1:14:04]}  f5 {[%clk 1:19:57]} 10. exf5 {[%clk 1:13:21]}  Bxf5 {[%clk 1:19:30]} 11. O-O {[%clk 1:00:54]}  e4 {[%clk 1:15:31]} 12. Ne1 {[%clk 0:54:59]}  Qh4 {[%clk 1:13:48]} 13. Bf4 {[%clk 0:50:48]}  Ne5 {[%clk 1:02:34]} 14. Bg3 {[%clk 0:50:08]}  Qe7 {[%clk 1:02:22]} 15. Qd2 {[%clk 0:30:24]}  Nbd7 {[%clk 1:00:20]} 16. Qe3 {[%clk 0:29:53]}  Rae8 {[%clk 0:52:18]} 17. Rd1 {[%clk 0:25:12]}  Nc5 {[%clk 0:42:39]} 18. Nb5 {[%clk 0:24:52]}  Ned3 {[%clk 0:25:01]} 19. Bxd3 {[%clk 0:20:22]}  exd3 {[%clk 0:24:51]} 20. Qxe7 {[%clk 0:19:33]}  Rxe7 {[%clk 0:25:17]} 21. Nxd6 {[%clk 0:18:57]}  cxd6 {[%clk 0:11:55]} 22. Bxd6 {[%clk 0:19:18]}  Rxe1 {[%clk 0:12:02]} 23. Rfxe1 {[%clk 0:19:27]}  Rc8 {[%clk 0:12:28]} 24. b3 {[%clk 0:08:33]}  Ne4 {[%clk 0:12:14]} 25. Bf4 {[%clk 0:00:36]}  Nc3 {[%clk 0:12:11]} 26. Rd2 {[%clk 0:01:03]}  b5 {[%clk 0:11:15]} 27. d6 {[%clk 0:00:31]}  bxc4 {[%clk 0:11:03]} 28. bxc4 {[%clk 0:00:40]}  Ne2+ {[%clk 0:10:42]} 29. Rdxe2 {[%clk 0:00:34]}  dxe2 {[%clk 0:11:08]} 30. Rxe2 {[%clk 0:00:52]}  Rxc4 {[%clk 0:07:45]} 31. Re8+ {[%clk 0:01:19]}  Kh7 {[%clk 0:08:07]} 32. g3 {[%clk 0:00:31]}  g5 {[%clk 0:05:13]} 33. Be3 {[%clk 0:00:34]}  Rc6 {[%clk 0:05:02]} 34. Rd8 {[%clk 0:00:33]}  a6 {[%clk 0:04:18]} 35. f4 {[%clk 0:00:33]}  Bf6 {[%clk 0:04:05]} 36. Rf8 {[%clk 0:00:32]}  Kg7 {[%clk 0:04:23]} 37. fxg5 {[%clk 0:00:31]}  Kxf8 {[%clk 0:04:33]} 38. gxf6 {[%clk 0:00:57]}  h5 {[%clk 0:04:41]} 0-1